000 00222nam a22001097a 4500
003 OSt
008 221102b |||||||| |||| 00| 0 eng d
041 _aMAL
082 _a300
_bSA
245 _aSAMOOHIKA PADANGAL
942 _cBK
999 _c17570
_d17570